000 00261nam a2200109Ia 4500
008 200302s9999 xx 000 0 und d
100 _aAndall Whitehead
245 _aCommercial Lighting
260 _bRockport Publishers Inc.
260 _c1995
300 _a185 P.,
999 _c1555
_d1555